000 00658nam a2200241Ia 4500
003 OSt
005 20240923113654.0
008 220927b |||||||| |||| 00| 0 eng d
020 _a9781403948441
037 _cTextual
040 _aSDCL
_cSDCL
_beng
041 _2eng
_aeng
082 _aY:1.1'P P7
100 _aCohen, Robin
_9477772
245 0 _aGlobal sociology.
250 _a2nd
260 _aNew York :
_bPalgrave Macmillan,
_c2007.
300 _axxiv,584p
650 _aCulture World
_9434142
700 _a Kennedy Paul
_9477773
942 _hY:1.1'P P7
_cTEXL
_2CC
999 _c790261
_d790261